Dumb- Nirvana (full lyrics) - Statistics

General Stats
  • This quiz has been taken 210 times
  • The average score is 158 of 202
Answer Stats
Answer % Correct
I
99%
dumb
97%
I'm
97%
Then
88%
a
87%
The
87%
the
87%
think
87%
Think
87%
happy
86%
just
85%
maybe
83%
Maybe
83%
not
83%
is
82%
like
80%
them
80%
But
79%
can
78%
pretend
76%
have
73%
Have
73%
sun
72%
And
69%
day
69%
fun
69%
gone
69%
having
69%
done
68%
you
68%
me
66%
hang
65%
Or
65%
light
63%
hangover
62%
My
61%
in
57%
broke
56%
heart
56%
some
54%
clouds
52%
on
52%
out
52%
down
51%
glue
51%
it
51%
around
50%
with
50%
up
49%
We'll
49%
we'll
49%
come
48%
Wish
48%
Fall
46%
asleep
43%
Wake
43%
luck
38%
Help
36%
away
35%
inhale
35%
Skin
33%
float
32%
learned
31%
Lesson
31%
soul
31%
cheap
30%
mend
30%
burn
26%
Soothe
9%
No matching quizzes found
Score Distribution
Percent of People with Each Score
Percentile by Number Answered
Your Score History
You have not taken this quiz